[Event "Indywidualne Mistrzostwa Polski do lat 20"]
[Site "Pokrzywna"]
[Date "1899-12-30"]
[Round "4.3"]
[White "Kosakowski, Jakub"]
[Black "Czernek, Tymon"]
[Result "1-0"]
[WhiteTitle "IM"]
[BlackTitle "FM"]
[WhiteElo "2431"]
[BlackElo "2359"]

1. e4 c5 2. Nc3 Nc6 3. Nge2 Nf6 4. d4 cxd4 5. Nxd4 e5 6. Ndb5 d6 7. Nd5 Nxd5 8.
exd5 Ne7 9. c4 Ng6 10. Qa4 Bd7 11. Qb4 Qb8 12. h4 a6 13. h5 axb5 14. hxg6 fxg6
15. cxb5 Be7 16. Bd3 O-O 17. Be3 Bf5 18. Be2 Qd8 19. a4 Bg5 20. Qd2 Bxe3 21. Qxe3
Bc2 22. O-O Rf4 23. Rfc1 Bf5 24. Rc4 Qf6 25. a5 Bg4 26. a6 Qd8 27. Bf1 Rxc4 28.
Bxc4 Qc7 29. Bd3 Bd7 30. b6 Qd8 31. a7 Qe8 32. Rc1 Bf5 33. Bxf5 gxf5 34. Rc7 Qa4
35. Qg5 g6 36. Qh6 1-0

[Event "Indywidualne Mistrzostwa Polski do lat 20"]
[Site "Pokrzywna"]
[Date "1899-12-30"]
[Round "4.4"]
[White "Psyk, Radoslaw"]
[Black "Madajczak, Piotr"]
[Result "1/2-1/2"]
[WhiteTitle "k++"]
[BlackTitle "I"]
[WhiteElo "2375"]
[BlackElo "1829"]

1. e4 c5 2. Nc3 d6 3. f4 Nc6 4. Nf3 g6 5. Bc4 Bg7 6. O-O e6 7. d3 Nge7 8. Qe1 O-O
9. f5 gxf5 10. Qh4 Ng6 11. Qh5 fxe4 12. dxe4 f6 13. a3 Qe7 14. Nh4 Nxh4 15. Qxh4
Ne5 16. Ba2 Bd7 17. Bf4 Ng6 18. Qh3 Nxf4 19. Rxf4 Rf7 20. Rh4 Bh8 21. Rd1 Rg7
22. Ne2 b5 23. c4 Rb8 24. cxb5 Rxb5 25. Rd2 Kf8 26. Nf4 d5 27. Qf3 f5 28. Rh6
Rg4 29. h3 dxe4 30. Qf1 Bd4+ 31. Kh1 Qg5 32. Nxe6+ Bxe6 33. Rxe6 Rg3 34. Rxe4
Bf6 35. Qxb5 fxe4 36. Qb8+ Kg7 37. Qc7+ Kh6 38. Rd7 Rxg2 39. Rxh7+ Kg6 40. Qf7+
Kf5 41. Rh5 Rg1+ 42. Kh2 Rg2+ 1/2-1/2

[Event "Indywidualne Mistrzostwa Polski do lat 20"]
[Site "Pokrzywna"]
[Date "1899-12-30"]
[Round "4.5"]
[White "Sowinski, Pawel"]
[Black "Szpar, Milosz"]
[Result "0-1"]
[WhiteTitle "I++"]
[BlackTitle "FM"]
[WhiteElo "1767"]
[BlackElo "2449"]

1. c4 e5 2. Nc3 Nf6 3. g3 Bb4 4. Bg2 O-O 5. e4 Bxc3 6. bxc3 c6 7. Ne2 d5 8. cxd5
cxd5 9. exd5 Nxd5 10. O-O Nc6 11. Bb2 Bg4 12. h3 Bh5 13. g4 Bg6 14. d4 exd4 15.
Nxd4 Ne5 16. f4 Ne3 17. Qe2 Nxg2 18. Qxg2 Nc4 19. f5 Ne3 20. Qf2 Nxf1 21. Rxf1
Qd5 22. a4 Qa2 23. Qc2 Qc4 24. fxg6 hxg6 25. Qb3 Qc7 26. c4 Rac8 27. Rc1 Qc5 28.
Qxb7 Rb8 29. Qg2 Rfd8 30. Qf2 Rxb2 31. Qxb2 Rxd4 32. Qf2 a5 33. Kf1 Qd6 34. c5
Qd5 35. c6 Rd2 36. Qe3 0-1

[Event "Indywidualne Mistrzostwa Polski do lat 20"]
[Site "Pokrzywna"]
[Date "1899-12-30"]
[Round "4.6"]
[White "Redzisz, Michal"]
[Black "Kozak, Antoni"]
[Result "1/2-1/2"]
[WhiteTitle "k"]
[BlackTitle "m"]
[WhiteElo "2212"]
[BlackElo "2375"]

1. e4 c5 2. Nf3 d6 3. d4 Nf6 4. Nc3 cxd4 5. Nxd4 a6 6. Bg5 e6 7. f4 b5 8. a3 Qb6
9. Qd3 Nbd7 10. O-O-O Be7 11. g4 h6 12. Bxf6 Bxf6 13. Nb3 Be7 14. Bg2 Bb7 15.
h4 O-O-O 16. Kb1 g5 17. hxg5 Qf2 18. Rdf1 Qxg2 19. Rhg1 Qh2 20. Rh1 Qg2 21. Rhg1
Qh2 22. Rh1 Qg2 23. Rhg1 Qh2 24. Rh1 Qg2 25. Rhg1 Qh2 26. Rh1 Qg2 1/2-1/2

[Event "Indywidualne Mistrzostwa Polski do lat 20"]
[Site "Pokrzywna"]
[Date "1899-12-30"]
[Round "4.7"]
[White "Mis, Mieszko"]
[Black "Fiedorek, Michal"]
[Result "1-0"]
[WhiteTitle "FM"]
[BlackTitle "FM"]
[WhiteElo "2358"]
[BlackElo "2176"]

1. d4 Nf6 2. c4 g6 3. Nc3 Bg7 4. e4 d6 5. f4 O-O 6. Nf3 Na6 7. Bd3 Bg4 8. O-O e5
9. fxe5 Nd7 10. Be3 c5 11. Be2 cxd4 12. Nxd4 Bxe2 13. Qxe2 Bxe5 14. Rad1 Nac5
15. Qf3 a6 16. Qh3 Re8 17. Nf3 Bxc3 18. Ng5 Nf6 19. Rxf6 Qxf6 20. Qxh7+ Kf8 21.
Rf1 Qxf1+ 22. Kxf1 Bg7 23. Bd4 Re5 24. Bxe5 dxe5 25. Qh4 Rc8 26. Nh7+ Kg8 27.
b3 f6 28. Ke2 Kf7 29. Qf2 Ne6 30. Qb6 Rc7 31. h4 Rd7 32. g4 Nf4+ 33. Ke1 Ng2+
34. Kf1 Nxh4 35. g5 f5 36. Nf6 Bxf6 37. Qxf6+ Kg8 38. exf5 Nxf5 39. Qxg6+ Ng7
40. Ke1 Re7 41. Qd6 Nf5 42. Qg6+ Ng7 43. Qf6 Re6 44. Qd8+ Kf7 45. c5 Re7 46. b4
e4 47. a4 e3 48. b5 axb5 49. axb5 Ne6 50. g6+ Kf6 51. Qd6 Rc7 52. c6 bxc6 53.
b6 Rg7 54. Qxc6 Rxg6 55. b7 Ke7 56. Qe4 Rg8 57. Qb4+ 1-0

[Event "Indywidualne Mistrzostwa Polski do lat 20"]
[Site "Pokrzywna"]
[Date "1899-12-30"]
[Round "4.8"]
[White "Golecki, Jan"]
[Black "Kowalski, Igor"]
[Result "1/2-1/2"]
[WhiteTitle "k"]
[BlackTitle "FM"]
[WhiteElo "2162"]
[BlackElo "2355"]

1. e4 d6 2. d4 Nf6 3. Nc3 g6 4. Bc4 Bg7 5. Qe2 c6 6. Nf3 O-O 7. Bb3 d5 8. exd5
cxd5 9. Bg5 e6 10. h4 h6 11. Bf4 Nc6 12. O-O-O Nh5 13. Bh2 f5 14. Ba4 Kh7 15.
Rhg1 Ne7 16. Ne5 Bxe5 17. Bxe5 Bd7 18. Bb5 Bxb5 19. Nxb5 Qd7 20. Rde1 a6 21. Nc3
Rac8 22. g3 Nc6 23. f3 Nxe5 24. Qxe5 Ng7 25. Qe2 Rc4 26. Qd3 Rfc8 27. g4 b5 28.
Re2 Qc7 29. Rd2 Qf4 30. Kb1 h5 31. Nd1 R8c7 32. Qe3 Qxe3 33. Nxe3 R4c6 1/2-1/2

[Event "Indywidualne Mistrzostwa Polski do lat 20"]
[Site "Pokrzywna"]
[Date "1899-12-30"]
[Round "4.9"]
[White "Niedbala, Bartlomiej"]
[Black "Luberanski, Jakub"]
[Result "1/2-1/2"]
[WhiteTitle "FM"]
[BlackTitle "k"]
[WhiteElo "2348"]
[BlackElo "2125"]

1. d4 Nf6 2. c4 g6 3. Nc3 d5 4. cxd5 Nxd5 5. e4 Nxc3 6. bxc3 Bg7 7. Nf3 c5 8. Bb5+
Bd7 9. Be2 O-O 10. O-O Qc7 11. h3 Nc6 12. Rb1 b6 13. Bg5 h6 14. Be3 Kh7 15. Qd2
f5 16. exf5 Bxf5 17. Rbd1 cxd4 18. cxd4 Rad8 19. Rc1 Qb7 20. Rfd1 Be4 21. Qe1
e6 22. Qf1 Nb4 23. Rd2 Nd5 24. Rdd1 Qe7 25. Qe1 Qa3 26. Qd2 Rc8 27. Re1 Rfd8 28.
Bc4 Bxf3 29. gxf3 Qe7 30. Bxd5 Rxc1 31. Qxc1 Rxd5 32. Qc6 Qd7 33. Qxd7 Rxd7 34.
Rc1 g5 35. Rc6 Bxd4 1/2-1/2

[Event "Indywidualne Mistrzostwa Polski do lat 20"]
[Site "Pokrzywna"]
[Date "1899-12-30"]
[Round "4.10"]
[White "Trybus, Daniel"]
[Black "Godzwon, Iwo"]
[Result "0-1"]
[WhiteTitle "I++"]
[BlackTitle "FM"]
[WhiteElo "2125"]
[BlackElo "2347"]

1. e4 c5 2. Nf3 Nc6 3. d4 cxd4 4. Nxd4 Qb6 5. Nb3 Nf6 6. Nc3 e6 7. Qf3 Qc7 8. Bg5
Be7 9. h4 a6 10. O-O-O h6 11. Be3 b5 12. g4 Ne5 13. Qg3 b4 14. Bd4 d6 15. Na4
Nxe4 16. Qe3 Bb7 17. Bg2 Nxg4 18. Qe2 Nef6 19. Bxb7 Qxb7 20. Nb6 Rb8 21. Na5 Qc7
22. f3 Ne5 23. Qxa6 O-O 24. Rhf1 Ng6 25. Qb5 Bd8 26. Qxb4 Nd5 27. Nxd5 exd5 28.
Qc3 Qxa5 29. Bxg7 Qxc3 30. Bxc3 Bxh4 31. Rxd5 Bg5+ 32. Kb1 Rfc8 33. Ba5 Rc5 34.
Rfd1 Nf4 35. Rxc5 dxc5 36. b3 Rb7 37. a4 h5 38. Bd2 Kh7 39. Bxf4 Bxf4 40. Rd5
Kg6 41. Rxc5 h4 42. Rd5 h3 43. Rd1 h2 44. a5 Rb5 45. a6 0-1

[Event "Indywidualne Mistrzostwa Polski do lat 20"]
[Site "Pokrzywna"]
[Date "1899-12-30"]
[Round "4.11"]
[White "Chylewski, Patryk"]
[Black "Skurniak, Szymon"]
[Result "1-0"]
[WhiteTitle "FM"]
[BlackTitle "k"]
[WhiteElo "2330"]
[BlackElo "2117"]

1. d4 Nf6 2. c4 g6 3. d5 Bg7 4. Nc3 c5 5. e4 d6 6. Nf3 e6 7. Be2 exd5 8. cxd5 Bg4
9. Qa4+ Bd7 10. Qb3 Qc7 11. Bf4 O-O 12. Nd2 Re8 13. O-O Bf8 14. Rfe1 a6 15. a4
Bc8 16. Qc2 Nbd7 17. h3 Ne5 18. Bh2 Rb8 19. Bf1 b5 20. axb5 axb5 21. Bxb5 Bd7
22. Bf1 c4 23. Bxe5 dxe5 24. Bxc4 Bc5 25. b3 g5 26. Nf1 g4 27. h4 g3 28. Nxg3
Ng4 29. Nd1 Qd8 30. Be2 Bd4 31. Bxg4 Bxa1 32. Bxd7 Qxd7 33. Qc1 Bd4 34. Qg5+ Kh8
35. Nf5 f6 36. Qxf6+ Kg8 37. Nh6# 1-0

[Event "Indywidualne Mistrzostwa Polski do lat 20"]
[Site "Pokrzywna"]
[Date "1899-12-30"]
[Round "4.14"]
[White "Klimkowski, Jan"]
[Black "Karolczuk, Iwo"]
[Result "1-0"]
[WhiteTitle "FM"]
[BlackTitle "k"]
[WhiteElo "2305"]
[BlackElo "2065"]

1. e4 c5 2. Nf3 Nc6 3. d4 cxd4 4. Nxd4 e5 5. Nb5 d6 6. a4 Be6 7. N1c3 a6 8. Na3
Rc8 9. Bc4 Be7 10. O-O Nf6 11. Bg5 O-O 12. Bxf6 Bxf6 13. Nd5 Bg5 14. c3 Ne7 15.
Qb3 Bxd5 16. Bxd5 Nxd5 17. Qxd5 Qb6 18. Nc4 Qc6 19. Nxd6 Qxd5 20. exd5 Rcd8 21.
Ne4 Be7 22. Rad1 Rfe8 23. g4 f6 24. c4 Rc8 25. Rc1 Red8 26. Rfd1 Bb4 27. Rd3 b6
28. Kf1 a5 29. Ke2 Kf7 30. Rc2 Rd7 31. b3 Rdd8 32. Rc1 Rd7 33. Rg1 Bc5 34. Rf3
Kg6 35. h4 h6 36. h5+ Kh7 37. Rxf6 gxf6 38. Nxf6+ Kg7 39. Nxd7 Bd4 40. g5 e4 41.
gxh6+ Kxh6 42. Rg4 Re8 43. Nf6 1-0

[Event "Indywidualne Mistrzostwa Polski do lat 20"]
[Site "Pokrzywna"]
[Date "1899-12-30"]
[Round "4.15"]
[White "Chyzy, Jakub"]
[Black "Warchol, Kamil"]
[Result "1-0"]
[WhiteTitle "FM"]
[BlackTitle "CM"]
[WhiteElo "2250"]
[BlackElo "1755"]

1. e4 c5 2. Nc3 a6 3. d4 cxd4 4. Qxd4 Nc6 5. Qd2 Nf6 6. b3 d6 7. Bb2 b5 8. O-O-O
Bb7 9. f3 e6 10. g4 Qc7 11. Kb1 O-O-O 12. g5 Nd7 13. a4 b4 14. Na2 Qb6 15. Ne2
Nc5 16. Nd4 Nxd4 17. Bxd4 a5 18. Bb5 Qc7 19. Nc1 d5 20. exd5 Rxd5 21. Qe3 Be7
22. Bxg7 Bxg5 23. Qe2 Rhd8 24. Rxd5 Rxd5 25. Nd3 Rf5 26. Be5 Qe7 27. Rd1 Bf6 28.
Bxf6 Qxf6 29. Nxc5 Rxc5 30. Qd3 Rd5 31. Qc4+ Kb8 32. Rxd5 Bxd5 33. Qc5 Qd8 34.
Bc6 Bxc6 35. Qxc6 Qc7 36. Qb5+ Ka7 37. h4 Qd8 38. Qh5 Kb7 39. Qxf7+ Kb8 40. Qxh7
Qd1+ 41. Ka2 Qxf3 42. Qg8+ Kb7 43. Qxe6 Qf2 44. Qd7+ Kb8 45. Qh7 Qh2 46. h5 Kc8
47. h6 Kb8 48. Qg6 Kc8 49. h7 Kb8 50. Qg8+ Kb7 51. h8=Q 1-0

[Event "Indywidualne Mistrzostwa Polski do lat 20"]
[Site "Pokrzywna"]
[Date "1899-12-30"]
[Round "4.16"]
[White "Suder, Jakub"]
[Black "Szczurek, Krzysztof"]
[Result "1-0"]
[WhiteTitle "k"]
[BlackTitle "FM"]
[WhiteElo "2239"]
[BlackElo "2031"]

1. d4 Nf6 2. c4 g6 3. Nc3 Bg7 4. e4 d6 5. Nf3 O-O 6. Be2 Nbd7 7. O-O e5 8. Be3
c6 9. d5 c5 10. Ne1 Ne8 11. g4 f5 12. exf5 gxf5 13. gxf5 Nb6 14. Kh1 Bxf5 15.
Rg1 Kh8 16. Nf3 Nf6 17. Ng5 Qe7 18. Rg3 h6 19. Ne6 Bxe6 20. dxe6 Qxe6 21. Qd2
Rf7 22. Rag1 Nxc4 23. Bxc4 Qxc4 24. Bxh6 Rg8 25. Bxg7+ Rgxg7 26. Rxg7 1-0

[Event "Indywidualne Mistrzostwa Polski do lat 20"]
[Site "Pokrzywna"]
[Date "1899-12-30"]
[Round "4.17"]
[White "Kozlowski, Pawel"]
[Black "Kokoszczynski, Jan"]
[Result "1-0"]
[WhiteTitle "I++"]
[BlackTitle "FM"]
[WhiteElo "1924"]
[BlackElo "2221"]

1. e4 c6 2. Nc3 d5 3. Qe2 dxe4 4. Nxe4 Bf5 5. d3 e6 6. Bd2 Nd7 7. g4 Bxe4 8. dxe4
Qb6 9. O-O-O Bc5 10. Bc3 e5 11. Nf3 f6 12. Nd2 Qc7 13. Nb3 Bb6 14. g5 fxg5 15.
Qh5+ g6 16. Qxg5 Ngf6 17. Bh3 O-O 18. Be6+ Kh8 19. Bxd7 Nxd7 20. Rxd7 Qxd7 21.
Qxe5+ Kg8 22. Rd1 Qc7 23. Rd6 Rxf2 24. Qh8+ Kf7 25. Qg7+ Ke8 26. Re6+ Kd8 27.
Bf6+ 1-0

[Event "Indywidualne Mistrzostwa Polski do lat 20"]
[Site "Pokrzywna"]
[Date "1899-12-30"]
[Round "4.18"]
[White "Kocierz, Pawel"]
[Black "Sernecki, Franciszek"]
[Result "0-1"]
[WhiteTitle "II"]
[BlackTitle "FM"]
[WhiteElo "1701"]
[BlackElo "2266"]

1. Nf3 Nf6 2. g3 e6 3. Bg2 d5 4. O-O c5 5. d4 cxd4 6. Nxd4 e5 7. Nb3 Be6 8. Bg5
Nbd7 9. Nc3 h6 10. Bxf6 Nxf6 11. Qd3 Qd7 12. e4 d4 13. Nd5 Rc8 14. c4 dxc3 15.
bxc3 Be7 16. Rfd1 Nxd5 17. exd5 Bg4 18. Re1 O-O 19. Rac1 Bd6 20. c4 b6 21. Qe3
Qa4 22. c5 bxc5 23. Nxc5 Qd4 24. Qxd4 exd4 25. Nb3 d3 26. f3 Bf5 27. Bf1 Bb4 28.
Red1 d2 29. Rxc8 Rxc8 30. Nxd2 Bc2 31. Re1 Bxd2 32. Re2 Ba5 33. Bh3 Bd3 34. Bxc8
Bxe2 35. Kf2 Bc4 0-1

[Event "Indywidualne Mistrzostwa Polski do lat 20"]
[Site "Pokrzywna"]
[Date "1899-12-30"]
[Round "4.19"]
[White "Jarzebowski, Kacper"]
[Black "Dalkowski, Rafal"]
[Result "1-0"]
[WhiteTitle "k+"]
[BlackTitle "I"]
[WhiteElo "2107"]
[BlackElo "1871"]

1. d4 Nf6 2. Nf3 c5 3. d5 b5 4. c3 Bb7 5. e4 Nxe4 6. Bxb5 Qb6 7. a4 Nf6 8. c4 a6
9. a5 Qc7 10. Ba4 Qxa5+ 11. Bd2 Qb6 12. O-O g6 13. Re1 Bg7 14. Ba5 Qd6 15. Qb3
Bc8 16. Bc3 Nh5 17. g4 1-0

[Event "Indywidualne Mistrzostwa Polski do lat 20"]
[Site "Pokrzywna"]
[Date "1899-12-30"]
[Round "4.20"]
[White "Zabron, Maksym"]
[Black "Dixa, Oskar"]
[Result "0-1"]
[WhiteTitle "I++"]
[BlackTitle "k"]
[WhiteElo "1932"]
[BlackElo "2087"]

1. d4 Nf6 2. c4 e6 3. Nf3 b6 4. Bf4 Bb7 5. e3 d5 6. Be2 Bd6 7. Bxd6 Qxd6 8. O-O
O-O 9. Nbd2 Nbd7 10. Rc1 c5 11. Qb3 e5 12. dxe5 Nxe5 13. Rfd1 Rfd8 14. cxd5 Bxd5
15. Qa4 Bc6 16. Qc2 Nxf3+ 17. Bxf3 Bxf3 18. Nxf3 Qe7 19. h3 g6 20. Qa4 Kg7 21.
Qf4 Rxd1+ 22. Rxd1 Rd8 23. Rxd8 Qxd8 24. Qe5 Qd5 25. a3 Qxe5 26. Nxe5 Ne4 27.
Kf1 Kf6 28. Nd3 Ke6 29. Ke2 Kd5 30. f3 Nd6 31. Kd2 a5 32. Kc3 Nb5+ 33. Kd2 a4
34. Ke2 f6 35. Nf2 f5 36. Nd1 Kc4 37. Nf2 Nc7 38. e4 fxe4 39. Nxe4 Nd5 40. g3
Kd4 41. Kd2 Ne3 42. Nf6 Nc4+ 43. Ke2 h5 44. f4 Ne3 45. Ke1 Nd5 46. Nd7 Ke4 47.
Ne5 g5 48. Nd7 gxf4 49. gxf4 Kxf4 50. Kd2 c4 51. Ke2 Kg3 52. Ne5 b5 53. Nc6 Kxh3
54. Kf3 h4 55. Nd4 c3 56. bxc3 Nxc3 57. Kf2 Kg4 58. Kg2 Kf4 0-1

[Event "Indywidualne Mistrzostwa Polski do lat 20"]
[Site "Pokrzywna"]
[Date "1899-12-30"]
[Round "4.21"]
[White "Krawczyk, Flawian"]
[Black "Meers, Hubert"]
[Result "1/2-1/2"]
[WhiteTitle "I"]
[BlackTitle "k"]
[WhiteElo "2073"]
[BlackElo "1986"]

1. e4 c5 2. Nf3 Nc6 3. Bb5 g6 4. O-O Bg7 5. Re1 e5 6. b4 Nxb4 7. Bb2 a6 8. a3 axb5
9. axb4 Rxa1 10. Bxa1 d6 11. bxc5 Ne7 12. cxd6 Qxd6 13. Qe2 Bd7 14. d4 exd4 15.
e5 Qa6 16. Bxd4 O-O 17. Bc5 Re8 18. Nc3 Bg4 19. Qxb5 Nc6 20. Qxa6 bxa6 21. Nd5
Bxf3 22. gxf3 Nxe5 23. Kg2 Re6 24. Rb1 Nd7 25. Be3 h5 26. c4 Ne5 27. c5 Kh7 28.
Rb7 a5 29. Nb6 Kg8 30. Ra7 Nc6 31. Ra8+ Kh7 32. Nc4 Bc3 33. Nd6 Kg7 34. Ra6 Ne5
35. Ra7 g5 36. Bxg5 Rg6 37. h4 Bb4 38. Ne4 Nd3 39. Ng3 Bxc5 40. Nxh5+ Kh7 41.
Rxa5 Bxf2 42. Kh3 Re6 43. Nf6+ Kg7 44. Ne4 Bb6 45. Rb5 Bc7 46. h5 Ne5 47. h6+
Kg6 48. f4 f5 49. Nf6 Nf7 50. Nd5 Bd8 51. Bxd8 Nxd8 52. Rb8 Nf7 53. Rb6 1/2-1/2

[Event "Indywidualne Mistrzostwa Polski do lat 20"]
[Site "Pokrzywna"]
[Date "1899-12-30"]
[Round "4.22"]
[White "Topola, Rafal"]
[Black "Ochedzan, Tymon"]
[Result "1/2-1/2"]
[WhiteTitle "I"]
[BlackTitle "CM"]
[WhiteElo "1827"]
[BlackElo "2246"]

1. e4 c5 2. Ne2 d6 3. g3 Nf6 4. Bg2 g6 5. c3 Bg7 6. d4 cxd4 7. cxd4 O-O 8. O-O
Nc6 9. Nbc3 e5 10. dxe5 Nxe5 11. Nf4 Be6 12. Nxe6 fxe6 13. Qb3 Qe7 14. Bf4 Nd3
15. Be3 Ng4 16. Nd5 exd5 17. Qxd5+ Kh8 18. Qxd3 Bxb2 19. Bd4+ Bxd4 20. Qxd4+ Qe5
21. Rad1 Rf6 22. f4 Qxd4+ 23. Rxd4 Rc8 24. Bh3 h5 25. Rb1 Rc7 26. Bxg4 hxg4 27.
Ra4 b6 28. Rd1 Re6 29. Kf2 Kg7 30. Ke3 Kf6 31. Rd5 Rh7 32. Rg5 Ree7 33. Rxg4 Rxh2
34. Rg5 Rg2 35. Kf3 Rd2 36. Rd5 Rxd5 37. exd5 g5 38. Rc4 gxf4 39. gxf4 Kf5 40.
Rc8 Re1 41. Rf8+ Kg6 42. Ra8 Rd1 43. Rxa7 Rxd5 44. Ke4 Rd2 45. Ra6 Kf6 46. Rxb6
Re2+ 47. Kf3 Rxa2 48. Rxd6+ Kf5 49. Rd5+ Kf6 50. Rb5 Ra6 51. Kg4 Kf7 52. Kg5 Rg6+
53. Kh5 Ra6 54. Kg4 Rc6 55. Rf5+ Rf6 56. Ra5 Rb6 57. Ra8 Rg6+ 58. Kf3 Rb6 59.
Ra7+ Kf8 60. Kg4 Rc6 61. Kg5 Rb6 62. f5 Rc6 63. Kf4 Rb6 64. Ke5 Rb5+ 65. Kf6 Rb6+
66. Kg5 Rc6 67. f6 Rc1 68. Ra5 Kf7 69. Ra7+ Kf8 70. Kg6 Rg1+ 71. Kf5 1/2-1/2

[Event "Indywidualne Mistrzostwa Polski do lat 20"]
[Site "Pokrzywna"]
[Date "1899-12-30"]
[Round "4.23"]
[White "Kazmierowski, Tymon"]
[Black "Wasik, Mateusz"]
[Result "1-0"]
[WhiteTitle "I+"]
[BlackTitle "I"]
[WhiteElo "1996"]
[BlackElo "1765"]

1. d4 d5 2. c4 e6 3. Nf3 Nf6 4. g3 Be7 5. Bg2 O-O 6. O-O dxc4 7. Qc2 b5 8. a4 b4
9. Ne5 Qxd4 10. Bxa8 Qxe5 11. Bf4 Qh5 12. Bf3 Ng4 13. Bxg4 Qxg4 14. Qxc4 c5 15.
f3 Qh5 16. Bxb8 Bb7 17. Bf4 g5 18. Be3 Bd5 19. Qc2 Qh3 20. Nd2 f5 21. Rad1 Bd6
22. Bf2 Rf6 23. Rfe1 g4 24. e4 b3 25. Qd3 Rh6 26. Nf1 Bc4 27. Qxd6 Bxf1 28. Qd8+
Kf7 29. Rd7+ Kg6 30. Qe8+ Kf6 31. e5+ Kg5 32. f4# 1-0

[Event "Indywidualne Mistrzostwa Polski do lat 20"]
[Site "Pokrzywna"]
[Date "1899-12-30"]
[Round "4.24"]
[White "Panek, Bartosz"]
[Black "Jaworski, Tymon"]
[Result "1-0"]
[WhiteTitle "I+"]
[BlackTitle "I"]
[WhiteElo "1981"]
[BlackElo "1510"]

1. e4 e6 2. d4 d5 3. Nc3 Nf6 4. e5 Nfd7 5. f4 c5 6. Nf3 Nc6 7. Be3 f6 8. Bd3 b6
9. O-O Be7 10. Ng5 Nf8 11. exf6 Bxf6 12. Bb5 Bb7 13. Ne2 h6 14. Nf3 Nd7 15. Ne5
Ndxe5 16. fxe5 Bg5 17. Bxg5 Qxg5 18. dxc5 Qe3+ 19. Kh1 Qxc5 20. Nd4 Ke7 21. Bxc6
Bxc6 22. Qg4 Rhe8 23. Qxe6+ Kd8 24. Nxc6+ Kc7 25. Rf7+ Re7 26. Rxe7+ Qxe7 27.
Nxe7 1-0

[Event "Indywidualne Mistrzostwa Polski do lat 20"]
[Site "Pokrzywna"]
[Date "1899-12-30"]
[Round "4.25"]
[White "Haliniak, Wojciech"]
[Black "Janeczko, Jakub"]
[Result "1-0"]
[WhiteTitle "I"]
[BlackTitle "I++"]
[WhiteElo "1764"]
[BlackElo "1980"]

1. e4 c5 2. Nf3 Nc6 3. Bb5 g6 4. Bxc6 dxc6 5. d3 Qc7 6. O-O e5 7. Nbd2 Bg7 8. b3
Ne7 9. h3 O-O 10. Bb2 f6 11. a4 a5 12. Nc4 Be6 13. Qd2 g5 14. Bc3 b6 15. Kh2 Ng6
16. g3 Rae8 17. Rae1 Qd8 18. Kg2 h5 19. Rh1 Rf7 20. Qe2 Ref8 21. Nh2 g4 22. hxg4
h4 23. Ne3 hxg3 24. fxg3 Bh6 25. Nf5 Bxf5 26. gxf5 Nh8 27. Qh5 Rh7 28. Ng4 Nf7
29. Qg6+ 1-0

[Event "Indywidualne Mistrzostwa Polski do lat 20"]
[Site "Pokrzywna"]
[Date "1899-12-30"]
[Round "4.26"]
[White "Kaliszuk, Kamil"]
[Black "Krawczyk, Eryk"]
[Result "1-0"]
[WhiteTitle "I+"]
[BlackTitle "III"]
[WhiteElo "1961"]
[BlackElo "1233"]

1. e4 e5 2. Nf3 Nc6 3. Bb5 a6 4. Ba4 d6 5. O-O Nf6 6. Re1 Be7 7. c3 O-O 8. h3 Bd7
9. d4 exd4 10. cxd4 d5 11. e5 Ne4 12. Nc3 Bf5 13. Bc2 Nxc3 14. bxc3 Bxc2 15. Qxc2
f6 16. e6 Bd6 17. Rb1 Rb8 18. Qf5 b5 19. Bf4 Ne7 20. Qg4 Bxf4 21. Qxf4 Ng6 22.
Qg3 Re8 23. h4 Rb6 24. h5 Nf8 25. h6 g6 26. a4 Rbxe6 27. Rxe6 Rxe6 28. axb5 Rb6
29. Ra1 axb5 30. Ra7 Rc6 31. Nh4 Qd6 32. Qxd6 cxd6 33. Rg7+ Kh8 34. Rb7 Rxc3 35.
Rxb5 Rc6 36. Rxd5 Kg8 37. Ra5 g5 38. Nf5 Kf7 39. Ra7+ Ke6 40. d5+ Kxd5 41. Ne7+
Kc5 42. Nxc6 Kxc6 43. Rf7 Nd7 44. Rxh7 d5 45. Rxd7 Kxd7 46. h7 d4 47. h8=Q d3
48. Qxf6 d2 49. Qd4+ 1-0

[Event "Indywidualne Mistrzostwa Polski do lat 20"]
[Site "Pokrzywna"]
[Date "1899-12-30"]
[Round "4.27"]
[White "Karut, Kacper"]
[Black "Bojczewski, Mateusz"]
[Result "1-0"]
[WhiteTitle "I"]
[BlackTitle "I+"]
[WhiteElo "1607"]
[BlackElo "1960"]

1. e4 c6 2. d4 d5 3. Nc3 dxe4 4. Nxe4 Nd7 5. Ng5 Ngf6 6. Bd3 e6 7. N1f3 h6 8. Ne4
Nxe4 9. Bxe4 Nf6 10. Bd3 Bd6 11. Qe2 O-O 12. Bd2 c5 13. dxc5 Bxc5 14. O-O-O Ng4
15. Be3 Bxe3+ 16. fxe3 Qb6 17. Rhe1 Bd7 18. h3 Nf6 19. g4 Nd5 20. g5 Nb4 21. Kb1
hxg5 22. Nxg5 e5 23. Bh7+ Kh8 24. Rxd7 Qh6 25. Nxf7+ Rxf7 26. Rxf7 Kxh7 27. Rg1
Rg8 28. Qg4 Nc6 29. Rxb7 Kh8 30. Qg6 Qxg6 31. Rxg6 Na5 32. Rxa7 1-0

[Event "Indywidualne Mistrzostwa Polski do lat 20"]
[Site "Pokrzywna"]
[Date "1899-12-30"]
[Round "4.28"]
[White "Budzisz, Adrian"]
[Black "Kowalczyk, Jakub"]
[Result "1-0"]
[WhiteTitle "I+"]
[BlackTitle "II"]
[WhiteElo "1955"]
[BlackElo "1200"]

1. d4 d5 2. c4 e6 3. Nf3 Nf6 4. g3 b6 5. Bg2 Bb7 6. cxd5 Bxd5 7. O-O Be7 8. Nc3
Bb7 9. Qc2 O-O 10. Rd1 Nbd7 11. Bf4 a6 12. e4 Rc8 13. Rac1 b5 14. Nd2 Nb6 15.
Nb3 c6 16. Na5 Ba8 17. a3 Qd7 18. b4 Rfd8 19. Nb1 h6 20. h3 Qe8 21. Nd2 Rd7 22.
Ndb3 Bd8 23. Nc5 Ra7 24. Be3 Nbd7 25. Ncb3 Bxa5 26. Nxa5 Rac7 27. Bf4 e5 28. dxe5
Nxe5 29. Qc3 Re7 30. Rd6 g5 31. Bxe5 Nxe4 32. Bxe4 Rxe5 33. Rxh6 Qf8 34. Rh8+
Kxh8 35. Qxe5+ f6 36. Qf5 Rc7 37. Rd1 Qe7 38. Nb3 Bb7 39. Nc5 Bc8 40. Qg6 a5 41.
Kg2 a4 42. Rd4 Qf8 43. Bb1 1-0

[Event "Indywidualne Mistrzostwa Polski do lat 20"]
[Site "Pokrzywna"]
[Date "1899-12-30"]
[Round "4.29"]
[White "Rosa, Antoni"]
[Black "Dzwierzynski, Bartosz"]
[Result "0-1"]
[WhiteTitle "I"]
[BlackTitle "I"]
[WhiteElo "1416"]
[BlackElo "1939"]

1. c4 Nf6 2. Nc3 g6 3. g3 Bg7 4. Bg2 O-O 5. Nf3 d5 6. cxd5 Nxd5 7. O-O c5 8. d4
Nc6 9. Nxd5 Qxd5 10. Be3 Rd8 11. Qc1 cxd4 12. Nxd4 Nxd4 13. Bxd4 Qxd4 14. Qg5
Qf6 15. Qa5 Qb6 16. Qa3 Bxb2 17. Qxe7 Bxa1 18. Rxa1 Be6 19. Rc1 Rd7 20. Qg5 Rad8
21. Rf1 Rd1 22. h4 h5 23. e4 Rxf1+ 24. Bxf1 Rd1 25. Kg2 Qb1 26. Qb5 Rxf1 27. Qe2
Rg1+ 28. Kh2 Rh1+ 29. Kg2 Bg4 30. Qxg4 hxg4 31. h5 Qf1# 0-1

[Event "Indywidualne Mistrzostwa Polski do lat 20"]
[Site "Pokrzywna"]
[Date "1899-12-30"]
[Round "4.30"]
[White "Czak, Dominik"]
[Black "Dziewonski, Dariusz"]
[Result "0-1"]
[WhiteTitle "II"]
[BlackTitle "I++"]
[WhiteElo "1267"]
[BlackElo "1925"]

1. d4 d5 2. c4 e6 3. Nc3 c6 4. Nf3 dxc4 5. a4 Bb4 6. e3 b5 7. Bd2 a5 8. Be2 Bb7
9. O-O Nf6 10. axb5 Bxc3 11. bxc6 Bxc6 12. Bxc3 Qd5 13. Re1 O-O 14. Bf1 Ne4 15.
Ne5 Nd6 16. Nxc6 Nxc6 17. f3 Nb4 18. e4 Qc6 19. Qd2 Rfb8 20. Bxb4 Rxb4 21. Rxa5
Rab8 22. Ra2 Qb6 23. Rc1 e5 24. Rd1 Kf8 25. Kh1 Rxb2 26. Rxb2 Qxb2 27. Qxb2 Rxb2
28. dxe5 c3 29. Bd3 Rd2 30. Rxd2 cxd2 31. Bc2 Nc4 32. Kg1 Ne3 33. Bb3 d1=Q+ 34.
Bxd1 Nxd1 35. Kf1 Ke7 36. Ke2 Nb2 37. f4 Ke6 38. Kf3 Nc4 39. h3 Ke7 40. g4 g5
41. fxg5 Nxe5+ 42. Kg3 Ng6 43. h4 Ke6 44. h5 Nf8 45. Kf4 Nd7 46. g6 fxg6 47. hxg6
hxg6 48. Kg5 Nf8 49. Kh6 Ke5 50. Kg5 Kxe4 51. Kf6 Kf4 52. g5 Kg4 0-1

[Event "Indywidualne Mistrzostwa Polski do lat 20"]
[Site "Pokrzywna"]
[Date "1899-12-30"]
[Round "4.31"]
[White "Liskiewicz, Jakub"]
[Black "Klim, Filip"]
[Result "1-0"]
[WhiteTitle "I"]
[BlackTitle "I++"]
[WhiteElo "1504"]
[BlackElo "1897"]

1. d4 d5 2. c4 e6 3. Nc3 a6 4. cxd5 exd5 5. Bf4 Nf6 6. e3 Bd6 7. Bxd6 Qxd6 8. Bd3
O-O 9. h3 Re8 10. Nf3 Nbd7 11. Qc2 b6 12. O-O Bb7 13. Rac1 c5 14. dxc5 bxc5 15.
Rfd1 Rac8 16. Qa4 Ne5 17. Be2 Bc6 18. Qa3 a5 19. Nxe5 Rxe5 20. Bf3 Nd7 21. Ne4
Qe6 22. Nxc5 Nxc5 23. Rxc5 a4 24. Rdc1 Bd7 25. Rxc8+ Bxc8 26. Qxa4 Bb7 27. Rc7
Qa6 28. Qd7 1-0